| 000 | 00448nam a2200169Ia 4500 | ||
|---|---|---|---|
| 008 | 230719s9999 xx 000 0 und d | ||
| 020 | _a0-07-053044-0 | ||
| 041 | _aeng | ||
| 082 |
_a621.3815 _bFRA |
||
| 100 | _aFranco S. | ||
| 245 | _aDesign With Operational Amplifiers And Analog Integrated Circuits | ||
| 250 | _a3rd ed. | ||
| 260 | _bTata McGraw Hill | ||
| 300 |
_a658 _dRef 790 E (21632) |
||
| 365 |
_cRs. _b197.00 |
||
| 700 | _aFranco S. | ||
| 999 |
_c354174 _d354174 |
||